Industria y protección en Colombia, 1810-1930 / (Registro nro. 3697)

Detalles MARC
000 -LEADER
fixed length control field 00931nam a2200253Ia 4500
003 - CONTROL NUMBER IDENTIFIER
control field OSt
005 - DATE AND TIME OF LATEST TRANSACTION
control field 20200723231508.0
008 - FIXED-LENGTH DATA ELEMENTS--GENERAL INFORMATION
fixed length control field 191128s1974 ck ad fr 000 0 spa d
040 ## - CATALOGING SOURCE
Original cataloging agency CO-JMCR
Transcribing agency CO-JMCR
041 0# - LANGUAGE CODE
Language code of text/sound track or separate title spa
082 04 - DEWEY DECIMAL CLASSIFICATION NUMBER
Classification number 338.9861 /
Item number O839i
Edition number 23
100 1# - MAIN ENTRY--PERSONAL NAME
Personal name Ospina Vásquez, Luis,
Relator term autor
9 (RLIN) 7767
245 10 - TITLE STATEMENT
Title Industria y protección en Colombia, 1810-1930 /
Statement of responsibility, etc. Luis Ospina Vásquez
250 ## - EDITION STATEMENT
Edition statement Primera edición
260 ## - PUBLICATION, DISTRIBUTION, ETC.
Place of publication, distribution, etc. Medellín :
Name of publisher, distributor, etc. Oveja Negra,
Date of publication, distribution, etc. 1974
300 ## - PHYSICAL DESCRIPTION
Extent 633 páginas :
Other physical details gráficos a blanco y negro ;
Dimensions 22 cm.
500 ## - GENERAL NOTE
General note Incluye índice de nombres y de materias.
504 ## - BIBLIOGRAPHY, ETC. NOTE
Bibliography, etc. note Bibliografía: páginas 611-629
505 0# - FORMATTED CONTENTS NOTE
Formatted contents note Cartogramas -- Cuadros fuera de texto
650 14 - SUBJECT ADDED ENTRY--TOPICAL TERM
Topical term or geographic name entry element Desarrollo económico
Chronological subdivision Siglos XIX-XX
Geographic subdivision Colombia
9 (RLIN) 7768
650 14 - SUBJECT ADDED ENTRY--TOPICAL TERM
Topical term or geographic name entry element Desarrollo industrial
Chronological subdivision Siglos XIX-XX
Geographic subdivision Colombia
9 (RLIN) 7769
651 #4 - SUBJECT ADDED ENTRY--GEOGRAPHIC NAME
Geographic name Colombia
General subdivision condiciones económicas
Chronological subdivision Siglos XIX-XX
9 (RLIN) 7770
942 ## - ADDED ENTRY ELEMENTS (KOHA)
Source of classification or shelving scheme Dewey Decimal Classification
Koha item type Books
Existencias
Withdrawn status Lost status Source of classification or shelving scheme Damaged status Not for loan Collection code Home library Current library Date acquired Source of acquisition Full call number Barcode Date last seen Copy number Koha item type Public note
    Dewey Decimal Classification     Non-fiction Biblioteca Pública José María del Castillo y Rada Biblioteca Pública José María del Castillo y Rada 07/24/2018 Donación 338.9861 / O839i 201807683 05/16/2024 Ej.1 Books Rúbrica en la primera página.